100 top houses & landscapes = (Record no. 607683)
[ view plain ]
| 000 -LEADER | |
|---|---|
| fixed length control field | 01256cam a2200349 a 4500 |
| 001 - CONTROL NUMBER | |
| control field | 17409407 |
| 003 - CONTROL NUMBER IDENTIFIER | |
| control field | OSt |
| 005 - DATE AND TIME OF LATEST TRANSACTION | |
| control field | 20240213124005.0 |
| 008 - FIXED-LENGTH DATA ELEMENTS--GENERAL INFORMATION | |
| fixed length control field | 120731m20119999cc ab 000 0 chi |
| 010 ## - LIBRARY OF CONGRESS CONTROL NUMBER | |
| LC control number | 2012425251 |
| 020 ## - INTERNATIONAL STANDARD BOOK NUMBER | |
| International Standard Book Number | 9787561836941 |
| 040 ## - CATALOGING SOURCE | |
| Original cataloging agency | DLC |
| Transcribing agency | DLC |
| 041 0# - LANGUAGE CODE | |
| Language code of text/sound track or separate title | chi |
| -- | eng |
| 042 ## - AUTHENTICATION CODE | |
| Authentication code | pcc |
| 043 ## - GEOGRAPHIC AREA CODE | |
| Geographic area code | a-cc--- |
| 050 00 - LIBRARY OF CONGRESS CALL NUMBER | |
| Classification number | NA7448 |
| Item number | .A15 2011 |
| 066 ## - CHARACTER SETS PRESENT | |
| Alternate G0 or G1 character set | $1 |
| 082 ## - DEWEY DECIMAL CLASSIFICATION NUMBER | |
| Classification number | 712 |
| Author Mark | HUN |
| 245 00 - TITLE STATEMENT | |
| Linkage | 880-01 |
| Title | 100 top houses & landscapes = |
| Remainder of title | 100 ge zui hao de lou pan yu jing guan |
| 246 31 - VARYING FORM OF TITLE | |
| Title proper/short title | 100 top houses & landscapes |
| 246 10 - VARYING FORM OF TITLE | |
| Title proper/short title | Hundred top houses & landscapes. |
| 250 ## - EDITION STATEMENT | |
| Linkage | 880-02 |
| Edition statement | Di 1 ban. |
| 260 ## - PUBLICATION, DISTRIBUTION, ETC. | |
| Linkage | 880-03 |
| Place of publication, distribution, etc. | Beijing : |
| Name of publisher, distributor, etc. | Tianjin university press, |
| Date of publication, distribution, etc. | 2010. |
| 300 ## - PHYSICAL DESCRIPTION | |
| Extent | 533 p.: |
| Other physical details | ill. (chiefly col.), maps (chiefly col.) ; |
| Dimensions | 38 cm. |
| 546 ## - LANGUAGE NOTE | |
| Language note | Chinese and English. |
| 650 #0 - SUBJECT ADDED ENTRY--TOPICAL TERM | |
| Topical term or geographic name entry element | Architecture, Domestic |
| Geographic subdivision | China |
| Form subdivision | Designs and plans. |
| 9 (RLIN) | 120330 |
| 650 #0 - SUBJECT ADDED ENTRY--TOPICAL TERM | |
| Topical term or geographic name entry element | Landscape design |
| Geographic subdivision | China. |
| 9 (RLIN) | 120331 |
| 880 00 - ALTERNATE GRAPHIC REPRESENTATION | |
| Title | 100 个最好的楼盘与景观 = |
| b | 100 top houses & landscapes / |
| 906 ## - LOCAL DATA ELEMENT F, LDF (RLIN) | |
| a | 7 |
| b | cbc |
| c | orignew |
| d | 3 |
| e | ncip |
| f | 20 |
| g | y-nonroman |
| 942 ## - ADDED ENTRY ELEMENTS (KOHA) | |
| Source of classification or shelving scheme | |
| Koha item type | Book |
| Institution code [OBSOLETE] | SADA |
| Call number prefix | 712 HUN 2010 |
| Withdrawn status | Lost status | Source of classification or shelving scheme | Damaged status | Not for loan | Permanent Location | Current Location | Date acquired | Source of acquisition | Total Checkouts | Full call number | Barcode | Date last seen | Cost, replacement price | Price effective from | Koha item type |
|---|---|---|---|---|---|---|---|---|---|---|---|---|---|---|---|
| School of Art Design and Architecture (SADA) | School of Art Design and Architecture (SADA) | 01/04/2017 | S.A.Rehman | 712 HUN 2010 | SADA0002628 | 02/13/2024 | 3402.75 | 02/13/2024 | Book |
